Aké je tajomstvo výkonnosti obchodníka
Keď obchodník nemá dostatočne dobré výsledky, nemusí to znamenať, že sa málo usiluje. Nejasné očakávania. Slabá motivácia. Nemá na to predpoklady. Chýbajúce zručnosti. Nedostatok aktivít.
Saved in:
| Main Author: | |
|---|---|
| Format: | Book Chapter |
| Language: | Slovak |
| Subjects: | |
| Tags: |
No Tags, Be the first to tag this record!
|
MARC
| LEADER | 00000naa a2200000 4500 | ||
|---|---|---|---|
| 001 | 0283045 | ||
| 005 | 20240417075201.5 | ||
| 041 | 0 | |a slo | |
| 044 | |a SK | ||
| 245 | 1 | 0 | |a Aké je tajomstvo výkonnosti obchodníka |c Martin Mišík |
| 520 | |a Keď obchodník nemá dostatočne dobré výsledky, nemusí to znamenať, že sa málo usiluje. Nejasné očakávania. Slabá motivácia. Nemá na to predpoklady. Chýbajúce zručnosti. Nedostatok aktivít. | ||
| 610 | 2 | 0 | |a výkonnosť |
| 610 | 2 | 0 | |a manažéri |
| 610 | 2 | 0 | |a manažment |
| 610 | 2 | 0 | |a obchodníci |
| 610 | 2 | 0 | |a motivácia |
| 610 | 2 | 0 | |a zručnosti |
| 610 | 2 | 0 | |a aktivita pracovná |
| 100 | 1 | |a Mišík, Martin | |